000 00790cam a2200265 4500
001 D15700
008 090401t1984 xxu||||| |||| 00| 0 eng d
035 _a(Sirsi) u24667
041 _aeng
050 _a622.1025
090 _aRICS 1984/51ABC
110 _aRoyal Institution of Chartered Surveyors
_94900
245 _aMinerals surveying services in the United Kingdom.
260 _aLondon
_bSurveyors` Publications
_c1984
300 _a2 booklets in folder ; 21x30cm.
350 _a0
520 _aIncludes Directory of Minerals Surveying Services in the United Kingdom 1984/85.
650 _aDIRECTORIES
650 _aMINERALS DIVISION
650 _aMINERALS SURVEYING SERVICES
650 _aRICS
690 _aMINING AND MINERALS
942 _n0
948 _c04/03/1997
999 _c88589
_d88589